CRIMINAL MAJOR ACTS (Record no. 10996)

MARC details
000 -LEADER
fixed length control field 00348nam a22001577a 4500
003 - CONTROL NUMBER IDENTIFIER
control field SGT
020 ## - INTERNATIONAL STANDARD BOOK NUMBER
International Standard Book Number 9789384310820
082 ## - DEWEY DECIMAL CLASSIFICATION NUMBER
Classification number 345,RED
100 ## - MAIN ENTRY--PERSONAL NAME
Personal name REDDI RAMA PADALA
245 ## - TITLE STATEMENT
Title CRIMINAL MAJOR ACTS
250 ## - EDITION STATEMENT
Edition statement 21ST
260 ## - PUBLICATION, DISTRIBUTION, ETC. (IMPRINT)
Place of publication, distribution, etc HYDERABAD
Name of publisher, distributor, etc ASIA LAW HOUSE
Year of Publication 2015
300 ## - PAGE DESCRIPTION
No. of Pages 520
650 ## - SUBJECT ADDED ENTRY--TOPICAL TERM
Topical term or geographic name as entry element CRIMINAL MAJOR ACTS
942 ## - ADDED ENTRY ELEMENTS (KOHA)
Source of classification or shelving scheme Dewey Decimal Classification
Koha item type Books
942 ## - ADDED ENTRY ELEMENTS (KOHA)
-- 1
Holdings
Withdrawn status Lost status Source of classification or shelving scheme Damaged status Not for loan Collection code Home library Current library Shelving location Date acquired Vendor Name Cost, normal purchase price SGTU Bill Number Full call number Accession No. (Barcode) Date last seen Bill Date Koha item type Total Checkouts Total Renewals Date last borrowed
    Dewey Decimal Classification   Not For Loan LAW SGT Science & Social Sciences Library SGT Science & Social Sciences Library Reference Book 22/02/2017 TECHNICAL BUREA INDIA LIMITED 720.00 SGTU 2002 345,RED FL1117 22/02/2017 26/09/2015 Books      
    Dewey Decimal Classification     LAW SGT Science & Social Sciences Library SGT Science & Social Sciences Library Text Book 22/02/2017 TECHNICAL BUREA INDIA LIMITED 720.00 SGTU 2002 345,RED FL1118 25/02/2022 26/09/2015 Books 5 1 08/02/2022